[Event "Titled Tuesday intern op 21st Dec"]
[Site "Chess.com INT"]
[Date "2021.12.21"]
[Round "7"]
[White "Sieciechowicz, Marcin"]
[Black "Elgersma, Onno"]
[Result "1-0"]
[WhiteElo "2388"]
[BlackElo "2282"]
[PlyCount "149"]
[EventDate "2021.12.21"]
[EventType "swiss (blitz)"]
[EventRounds "11"]
[EventCountry "USA"]
[SourceTitle "CBM 205 Extra"]
[Source "ChessBase"]
[SourceDate "2022.01.31"]
[SourceVersion "1"]
[SourceVersionDate "2022.01.31"]
[SourceQuality "1"]

1. d4 d5 2. c4 e6 3. Nc3 Nf6 4. cxd5 exd5 5. Bg5 c6 6. e3 Bd6 7. Bd3 O-O 8. Nge2 Re8 9. Qc2 h6 10. Bh4 a5 11. O-O-O b5 12. e4 dxe4 13. Nxe4 Be7 14. Nc5 Nd5 15. Bxe7 Qxe7 16. Ng3 Nb4 17. Qb1 Qg5+ 18. Rd2 Nd7 19. Nce4 Qf4 20. a3 Nxd3+ 21. Qxd3 Nb6 22. Kb1 Nc4 23. Re2 Be6 24. Rhe1 Red8 25. Nh5 Qf5 26. g4 Qg6 27. h3 Bd5 28. Nf4 Qh7 29. Nh5 Kh8 30. f4 b4 31. a4 f5 32. Nc5 fxg4 33. Qxh7+ Kxh7 34. hxg4 Rf8 35. Re7 Rf7 36. Rxf7 Bxf7 37. Re7 Bxh5 38. gxh5 Rf8 39. Ne6 Rf6 40. Rxg7+ Kh8 41. Rg6 Rf5 42. Rxh6+ Kg8 43. Rg6+ Kf7 44. Ng5+ Ke7 45. Rxc6 Nd6 46. Rc7+ Kf6 47. Rc6 Ke7 48. h6 Rxf4 49. h7 Rf1+ 50. Kc2 Rh1 51. Ra6 Rh2+ 52. Kd3 Rh5 53. Ra8 Rxg5 54. h8=Q Rg3+ 55. Ke2 Rg6 56. Qe5+ Kd7 57. Ra7+ Kc6 58. Ra6+ Kd7 59. Rxd6+ Rxd6 60. Qxa5 Re6+ 61. Kd3 Rg6 62. Qb5+ Kc7 63. Qxb4 Rg3+ 64. Kc4 Rg6 65. Qc5+ Rc6 66. b4 Kb7 67. Qxc6+ Kxc6 68. a5 Kb7 69. Kc5 Ka7 70. Kc6 Ka6 71. d5 Ka7 72. d6 Ka6 73. d7 Ka7 74. d8=Q Ka6 75. Qb6# 1-0

[Event "Titled Tuesday intern op 21st Dec"]
[Site "Chess.com INT"]
[Date "2021.12.21"]
[Round "7"]
[White "Silvestre, Christian"]
[Black "Buscar, Michael"]
[Result "1-0"]
[WhiteElo "1942"]
[BlackElo "2088"]
[PlyCount "77"]
[EventDate "2021.12.21"]
[EventType "swiss (blitz)"]
[EventRounds "11"]
[EventCountry "USA"]
[SourceTitle "CBM 205 Extra"]
[Source "ChessBase"]
[SourceDate "2022.01.31"]
[SourceVersion "1"]
[SourceVersionDate "2022.01.31"]
[SourceQuality "1"]

1. Nf3 Nf6 2. b3 b6 3. e3 Bb7 4. Bb2 e6 5. c4 c5 6. Be2 Be7 7. d3 d6 8. Nbd2 Nbd7 9. a3 a6 10. b4 cxb4 11. axb4 O-O 12. O-O Re8 13. Qb3 Nf8 14. e4 Ng6 15. Rfe1 Nf4 16. Bf1 e5 17. d4 Nd7 18. dxe5 dxe5 19. Rad1 Bf8 20. g3 Ng6 21. Nb1 Qe7 22. Ba3 Qe6 23. Nc3 a5 24. Nd5 Bxd5 25. exd5 Qg4 26. Bg2 axb4 27. Bxb4 Nc5 28. Qb1 Ra4 29. Bc3 Qxc4 30. Bxe5 Rb4 31. Qf5 Nxe5 32. Nxe5 Rxe5 33. Qxe5 Nd3 34. Qe8 Nxe1 35. d6 Nf3+ 36. Bxf3 Qb3 37. d7 Qxf3 38. Qxf8+ Kxf8 39. d8=Q# 1-0

[Event "Titled Tuesday intern op 21st Dec"]
[Site "Chess.com INT"]
[Date "2021.12.21"]
[Round "7"]
[White "Sorokin, Aleksey"]
[Black "Seo, Jung Min"]
[Result "0-1"]
[WhiteElo "2536"]
[BlackElo "2459"]
[PlyCount "142"]
[EventDate "2021.12.21"]
[EventType "swiss (blitz)"]
[EventRounds "11"]
[EventCountry "USA"]
[SourceTitle "CBM 205 Extra"]
[Source "ChessBase"]
[SourceDate "2022.01.31"]
[SourceVersion "1"]
[SourceVersionDate "2022.01.31"]
[SourceQuality "1"]

1. d4 Nf6 2. c4 e6 3. Nf3 d5 4. g3 Be7 5. Bg2 O-O 6. O-O dxc4 7. Qc2 a6 8. a4 Bd7 9. Rd1 Bc6 10. Bg5 Nbd7 11. Qxc4 Bd5 12. Qc2 h6 13. Bxf6 Nxf6 14. Nc3 Bxf3 15. Bxf3 c6 16. h4 Qa5 17. Kg2 Rad8 18. e3 Rd7 19. Ne4 Nxe4 20. Qxe4 Rfd8 21. Rdc1 Qd5 22. Qc2 Qd6 23. Rab1 e5 24. Bg4 Rc7 25. Rd1 exd4 26. Rxd4 Qe5 27. Re4 Qf6 28. Qb3 Bc5 29. Rc1 Ba7 30. Rf4 Qd6 31. Rd1 Qf8 32. Rc1 Qd6 33. Rcc4 b5 34. Rce4 Re7 35. Bf3 Rdd7 36. Bh5 Rxe4 37. Rxe4 Qd5 38. Qxd5 cxd5 39. Re8+ Kh7 40. axb5 axb5 41. Be2 d4 42. exd4 Bxd4 43. Bxb5 Rb7 44. Bd3+ g6 45. Re4 Bxb2 46. h5 Kg7 47. hxg6 fxg6 48. Re6 Bf6 49. Rd6 Re7 50. Rc6 h5 51. f4 Rd7 52. Be4 Re7 53. Kf3 Rd7 54. Ra6 Re7 55. Rb6 Rd7 56. Rc6 Re7 57. Rc5 Rd7 58. Rb5 Re7 59. Rb1 Rd7 60. Rg1 Rc7 61. g4 Rc3+ 62. Kg2 hxg4 63. Rd1 Re3 64. Bb1 Rf3 65. Rd7+ Kh6 66. Rf7 Rxf4 67. Bd3 Kg5 68. Rd7 Ra4 69. Rd5+ Kh6 70. Rd6 Ra2+ 71. Kg3 Be5+ 0-1

[Event "Titled Tuesday intern op 21st Dec"]
[Site "Chess.com INT"]
[Date "2021.12.21"]
[Round "7"]
[White "Sramek, Vojtech"]
[Black "Sanchez, Roberto Daniel"]
[Result "0-1"]
[WhiteElo "2230"]
[BlackElo "1970"]
[PlyCount "86"]
[EventDate "2021.12.21"]
[EventType "swiss (blitz)"]
[EventRounds "11"]
[EventCountry "USA"]
[SourceTitle "CBM 205 Extra"]
[Source "ChessBase"]
[SourceDate "2022.01.31"]
[SourceVersion "1"]
[SourceVersionDate "2022.01.31"]
[SourceQuality "1"]

1. e4 e6 2. d4 d5 3. Nc3 Nf6 4. Bg5 Be7 5. e5 Nfd7 6. h4 h6 7. Bxe7 Qxe7 8. Qg4 O-O 9. f4 f5 10. Qh5 a6 11. Nf3 c5 12. O-O-O c4 13. Ng5 Qe8 14. Qxe8 Rxe8 15. Nf3 Nc6 16. h5 b5 17. Rg1 Nb6 18. g4 b4 19. Ne2 a5 20. g5 Kh7 21. gxh6 gxh6 22. Bh3 a4 23. Rg6 a3 24. b3 cxb3 25. cxb3 Ba6 26. Kd2 Rac8 27. Rdg1 Bxe2 28. Kxe2 Re7 29. Kd3 Na7 30. Rf6 Rc3+ 31. Ke2 Rc2+ 32. Kd3 Rec7 33. Rxh6+ Kxh6 34. Rg6+ Kh7 35. Ng5+ Kh8 36. Nf7+ Rxf7 37. Kxc2 Rc7+ 38. Kd2 Nc4+ 39. bxc4 dxc4 40. Rxe6 b3 41. Bxf5 bxa2 42. h6 Rc8 43. h7 a1=Q 0-1

[Event "Titled Tuesday intern op 21st Dec"]
[Site "Chess.com INT"]
[Date "2021.12.21"]
[Round "7"]
[White "Starozhilov, Leonid"]
[Black "Moskalenko, Alexander"]
[Result "0-1"]
[WhiteElo "2293"]
[BlackElo "2514"]
[PlyCount "66"]
[EventDate "2021.12.21"]
[EventType "swiss (blitz)"]
[EventRounds "11"]
[EventCountry "USA"]
[SourceTitle "CBM 205 Extra"]
[Source "ChessBase"]
[SourceDate "2022.01.31"]
[SourceVersion "1"]
[SourceVersionDate "2022.01.31"]
[SourceQuality "1"]

1. Nf3 g6 2. c4 c5 3. Nc3 Bg7 4. g3 Nc6 5. Bg2 Nh6 6. d3 Nf5 7. O-O O-O 8. a3 Rb8 9. Rb1 b6 10. Bd2 Bb7 11. b4 d6 12. bxc5 dxc5 13. Nd5 e6 14. Ne3 Nfd4 15. Nxd4 Nxd4 16. Nc2 Bxg2 17. Kxg2 Nc6 18. Qc1 Re8 19. h4 Qd7 20. h5 e5 21. hxg6 hxg6 22. Ne3 e4 23. Nd5 exd3 24. exd3 Ne7 25. Nf4 Rbd8 26. Bc3 Qc6+ 27. Kg1 Bh6 28. Re1 Nf5 29. Bd2 Nd4 30. Be3 Nf3+ 31. Kf1 Nxe1 32. Qxe1 Bxf4 33. gxf4 Rxd3 0-1

[Event "Titled Tuesday intern op 21st Dec"]
[Site "Chess.com INT"]
[Date "2021.12.21"]
[Round "7"]
[White "Syed Ahmad, Ali"]
[Black "Fanha, Paulo Alexandre Mar"]
[Result "0-1"]
[WhiteElo "2171"]
[BlackElo "1665"]
[PlyCount "66"]
[EventDate "2021.12.21"]
[EventType "swiss (blitz)"]
[EventRounds "11"]
[EventCountry "USA"]
[SourceTitle "CBM 205 Extra"]
[Source "ChessBase"]
[SourceDate "2022.01.31"]
[SourceVersion "1"]
[SourceVersionDate "2022.01.31"]
[SourceQuality "1"]

1. d4 d5 2. Nf3 e6 3. Bf4 c6 4. e3 Bd6 5. Bg3 Nf6 6. Bd3 O-O 7. O-O Bxg3 8. hxg3 Ne4 9. Nbd2 f5 10. Ne5 Nxd2 11. Qxd2 Nd7 12. Nxd7 Bxd7 13. c4 Be8 14. cxd5 exd5 15. Rfc1 Bh5 16. b4 a6 17. a4 Qd7 18. b5 axb5 19. axb5 Rxa1 20. Rxa1 cxb5 21. Rb1 Ra8 22. Rxb5 Ra1+ 23. Kh2 Be8 24. Rb6 Qf7 25. Be2 Bc6 26. Bf3 Qf6 27. Bd1 Qh6+ 28. Kg1 Qh5 29. f3 Ba4 30. Kf2 Rxd1 31. Qb4 Qh1 32. g4 fxg4 33. Rxb7 Qh4+ 0-1

[Event "Titled Tuesday intern op 21st Dec"]
[Site "Chess.com INT"]
[Date "2021.12.21"]
[Round "7"]
[White "Tasev, Dejan"]
[Black "Zherebtsova, Alexandra"]
[Result "1-0"]
[WhiteElo "2272"]
[BlackElo "2182"]
[PlyCount "95"]
[EventDate "2021.12.21"]
[EventType "swiss (blitz)"]
[EventRounds "11"]
[EventCountry "USA"]
[SourceTitle "CBM 205 Extra"]
[Source "ChessBase"]
[SourceDate "2022.01.31"]
[SourceVersion "1"]
[SourceVersionDate "2022.01.31"]
[SourceQuality "1"]

1. e4 e5 2. Nf3 Nc6 3. Bb5 a6 4. Bxc6 dxc6 5. d3 Bd6 6. Nbd2 Nf6 7. Nc4 Qe7 8. Ne3 Bd7 9. a3 O-O-O 10. b4 Ng4 11. Bd2 Nxe3 12. fxe3 Kb8 13. O-O h5 14. Rb1 h4 15. a4 h3 16. g3 f5 17. exf5 Bxf5 18. e4 Bg4 19. Qe1 Rdf8 20. Qe3 Rf6 21. c3 Rhf8 22. Nh4 Qf7 23. Rxf6 Qxf6 24. Nf5 Bxf5 25. Rf1 g6 26. exf5 gxf5 27. b5 f4 28. Qf3 cxb5 29. axb5 axb5 30. gxf4 exf4 31. Qxh3 Rg8+ 32. Kh1 Qg5 33. Qf3 c6 34. d4 Bc7 35. Be1 Rf8 36. Rg1 Qh6 37. Bf2 Rh8 38. Rg2 Qe6 39. Bg1 Qc4 40. Qe4 Qf1 41. Rf2 Qc1 42. d5 Qxc3 43. dxc6 bxc6 44. Rg2 Kb7 45. Bd4 Qc1+ 46. Rg1 Qxg1+ 47. Bxg1 Rd8 48. h4 1-0

[Event "Titled Tuesday intern op 21st Dec"]
[Site "Chess.com INT"]
[Date "2021.12.21"]
[Round "7"]
[White "Toshali, V."]
[Black "Winkels, Marcel"]
[Result "1-0"]
[WhiteElo "2126"]
[BlackElo "1979"]
[PlyCount "35"]
[EventDate "2021.12.21"]
[EventType "swiss (blitz)"]
[EventRounds "11"]
[EventCountry "USA"]
[SourceTitle "CBM 205 Extra"]
[Source "ChessBase"]
[SourceDate "2022.01.31"]
[SourceVersion "1"]
[SourceVersionDate "2022.01.31"]
[SourceQuality "1"]

1. g3 Nf6 2. d4 g6 3. Nf3 Bg7 4. Bg2 O-O 5. c4 c6 6. Nc3 d5 7. Ne5 Na6 8. O-O Nc7 9. h4 dxc4 10. Nxc4 Ncd5 11. e4 Nxc3 12. bxc3 b6 13. Ne5 Qc7 14. Bf4 Nh5 15. Nxg6 Nxf4 16. Nxf4 c5 17. Nh5 Ba6 18. Qg4 1-0

[Event "Titled Tuesday intern op 21st Dec"]
[Site "Chess.com INT"]
[Date "2021.12.21"]
[Round "7"]
[White "Van Osch, Mees"]
[Black "Unver, Cumali"]
[Result "1-0"]
[WhiteElo "2364"]
[BlackElo "2046"]
[PlyCount "99"]
[EventDate "2021.12.21"]
[EventType "swiss (blitz)"]
[EventRounds "11"]
[EventCountry "USA"]
[SourceTitle "CBM 205 Extra"]
[Source "ChessBase"]
[SourceDate "2022.01.31"]
[SourceVersion "1"]
[SourceVersionDate "2022.01.31"]
[SourceQuality "1"]

1. e4 d6 2. d4 Nf6 3. Nc3 e5 4. dxe5 dxe5 5. Qxd8+ Kxd8 6. Bg5 c6 7. O-O-O+ Ke8 8. f4 Be7 9. Nf3 Nbd7 10. h3 h6 11. Bh4 exf4 12. e5 Nh5 13. Bf2 Bc5 14. Bxc5 Nxc5 15. b4 Ng3 16. Rg1 Nce4 17. Nxe4 Nxe4 18. Bd3 Nf2 19. Rd2 Nxd3+ 20. Rxd3 Be6 21. h4 Ke7 22. Rd4 Rhd8 23. Rxf4 Bxa2 24. c4 Bb3 25. Kb2 Bd1 26. Kc3 a5 27. b5 c5 28. Nd2 Bh5 29. Ne4 b6 30. g4 Bg6 31. Nf2 Rd7 32. h5 Bh7 33. g5 Rg8 34. gxh6 gxh6 35. Rxg8 Bxg8 36. Ne4 Rd4 37. Rg4 Bh7 38. Nf6 Rxg4 39. Nxg4 Be4 40. Nxh6 Bf3 41. Nf5+ Kf8 42. h6 Kg8 43. Nd6 Bg4 44. Ne8 Be6 45. Nf6+ Kh8 46. Nd5 Kh7 47. Nxb6 Kxh6 48. Na4 Kg5 49. b6 Kf5 50. b7 1-0

[Event "Titled Tuesday intern op 21st Dec"]
[Site "Chess.com INT"]
[Date "2021.12.21"]
[Round "7"]
[White "Wagh, Suyog"]
[Black "Navalgund, Niranjan"]
[Result "1-0"]
[WhiteElo "2210"]
[BlackElo "2289"]
[PlyCount "69"]
[EventDate "2021.12.21"]
[EventType "swiss (blitz)"]
[EventRounds "11"]
[EventCountry "USA"]
[SourceTitle "CBM 205 Extra"]
[Source "ChessBase"]
[SourceDate "2022.01.31"]
[SourceVersion "1"]
[SourceVersionDate "2022.01.31"]
[SourceQuality "1"]

1. e4 g6 2. d4 Bg7 3. c4 c5 4. d5 d6 5. Nc3 e6 6. Nf3 Ne7 7. Bd3 O-O 8. O-O exd5 9. cxd5 h6 10. Re1 f5 11. e5 dxe5 12. Nxe5 Kh7 13. Bc4 Nd7 14. Nxd7 Bxd7 15. Bf4 b5 16. d6 Ng8 17. Bxg8+ Rxg8 18. Re7 Re8 19. Nd5 Rxe7 20. dxe7 Qa5 21. Nc7 Be8 22. Nxa8 Qb4 23. Qd2 Qc4 24. Nc7 Bf7 25. e8=R Bxe8 26. Nxe8 Bd4 27. Re1 g5 28. Be5 Kg6 29. Bxd4 cxd4 30. Nd6 Qd5 31. Qb4 a6 32. Ne8 Qxa2 33. Qd6+ Kh5 34. Ng7+ Kg4 35. Qg3# 1-0

[Event "Titled Tuesday intern op 21st Dec"]
[Site "Chess.com INT"]
[Date "2021.12.21"]
[Round "7"]
[White "Weber, Samuel"]
[Black "Yavuz, Efe Metehan"]
[Result "1-0"]
[WhiteElo "2250"]
[BlackElo "2025"]
[PlyCount "83"]
[EventDate "2021.12.21"]
[EventType "swiss (blitz)"]
[EventRounds "11"]
[EventCountry "USA"]
[SourceTitle "CBM 205 Extra"]
[Source "ChessBase"]
[SourceDate "2022.01.31"]
[SourceVersion "1"]
[SourceVersionDate "2022.01.31"]
[SourceQuality "1"]

1. e4 c5 2. Nf3 Nc6 3. Bb5 g6 4. Bxc6 dxc6 5. h3 Bg7 6. d3 b6 7. Nc3 Nf6 8. Be3 O-O 9. Qd2 Bb7 10. O-O-O a5 11. a4 Nd7 12. Bh6 e5 13. Bxg7 Kxg7 14. h4 h5 15. g4 hxg4 16. Nh2 f5 17. exf5 gxf5 18. Rdg1 Rf6 19. f3 b5 20. fxg4 f4 21. Ne4 Re6 22. g5 bxa4 23. h5 a3 24. h6+ Kh8 25. g6 axb2+ 26. Kb1 Nf6 27. Nxf6 Qxf6 28. Nf3 a4 29. g7+ Kh7 30. Ng5+ Kg8 31. Nxe6 a3 32. h7+ Kf7 33. g8=Q+ Rxg8 34. hxg8=Q+ Ke7 35. Rh7+ Kd6 36. Qb8+ Kxe6 37. Qc3 a2+ 38. Kxa2 f3 39. Qc4+ Kf5 40. Rh5+ Qg5 41. Rgxg5+ Kf6 42. Qf8# 1-0

[Event "Titled Tuesday intern op 21st Dec"]
[Site "Chess.com INT"]
[Date "2021.12.21"]
[Round "7"]
[White "Weishaeutel, Moritz"]
[Black "Yurovskich, Oleksandr"]
[Result "0-1"]
[WhiteElo "2371"]
[BlackElo "2328"]
[PlyCount "122"]
[EventDate "2021.12.21"]
[EventType "swiss (blitz)"]
[EventRounds "11"]
[EventCountry "USA"]
[SourceTitle "CBM 205 Extra"]
[Source "ChessBase"]
[SourceDate "2022.01.31"]
[SourceVersion "1"]
[SourceVersionDate "2022.01.31"]
[SourceQuality "1"]

1. e4 d5 2. exd5 Qxd5 3. Nc3 Qd8 4. d4 Nf6 5. Nf3 Bg4 6. h3 Bxf3 7. Qxf3 c6 8. Be3 e6 9. O-O-O Bb4 10. Ne4 Nxe4 11. Qxe4 Qd5 12. Qxd5 cxd5 13. c4 dxc4 14. Bxc4 Nd7 15. Kb1 Bd6 16. d5 e5 17. Rhe1 a6 18. f4 O-O 19. fxe5 Nxe5 20. Bb3 Rac8 21. Bf4 f6 22. Rc1 Kf7 23. Bc2 g6 24. Bb3 Ke7 25. Bxe5 Bxe5 26. Rxc8 Rxc8 27. Rc1 Rf8 28. Rc4 Kd6 29. Rb4 b5 30. a4 Kc5 31. Rh4 h5 32. axb5 axb5 33. Re4 Re8 34. Re2 f5 35. Ba2 g5 36. Rc2+ Kd4 37. Rc6 g4 38. Rh6 f4 39. Rxh5 f3 40. gxf3 gxf3 41. Rf5 Ke4 42. Rf7 Bf4 43. Bb3 f2 44. Bc2+ Ke3 45. Bd3 Kxd3 46. Rxf4 Re1+ 47. Ka2 f1=Q 48. Rxf1 Rxf1 49. Kb3 Rf5 50. d6 Rd5 51. Kb4 Kc2 52. d7 Rxd7 53. Kxb5 Kxb2 54. Kc6 Rh7 55. Kd5 Rxh3 56. Ke4 Rc3 57. Ke5 Kb3 58. Kd4 Kb4 59. Kd5 Rc5+ 60. Kd6 Kc4 61. Ke6 Rd5 0-1

[Event "Titled Tuesday intern op 21st Dec"]
[Site "Chess.com INT"]
[Date "2021.12.21"]
[Round "7"]
[White "Yakimova, Mariya"]
[Black "Bulatova, Kamaliya"]
[Result "1-0"]
[WhiteElo "2198"]
[BlackElo "2139"]
[PlyCount "101"]
[EventDate "2021.12.21"]
[EventType "swiss (blitz)"]
[EventRounds "11"]
[EventCountry "USA"]
[SourceTitle "CBM 205 Extra"]
[Source "ChessBase"]
[SourceDate "2022.01.31"]
[SourceVersion "1"]
[SourceVersionDate "2022.01.31"]
[SourceQuality "1"]

1. d4 Nf6 2. c4 g6 3. Nc3 Bg7 4. e4 d6 5. f3 O-O 6. Be3 Nc6 7. Qd2 a6 8. Nge2 Rb8 9. Rc1 e5 10. d5 Ne7 11. g4 Ne8 12. h4 f5 13. g5 f4 14. Bf2 b5 15. c5 dxc5 16. Bxc5 Nd6 17. b3 b4 18. Nd1 a5 19. Rc2 Nb5 20. Nb2 Na3 21. Rc1 Ba6 22. Ng1 Bxf1 23. Kxf1 Qd7 24. Ne2 Rfd8 25. Kf2 Nc8 26. Nc4 Nxc4 27. bxc4 Qa4 28. Rb1 Nd6 29. Rhc1 Qd7 30. Qd3 Qh3 31. Rh1 Qd7 32. Kg2 Nb7 33. Bf2 c5 34. h5 Bf8 35. hxg6 hxg6 36. Rh3 Bg7 37. Rbh1 Kf7 38. Nc1 Qa4 39. Qb3 Qxb3 40. axb3 Rdc8 41. Nd3 Ra8 42. Ra1 Ke7 43. Ra4 Kf8 44. Rh1 Kf7 45. Rh4 Kf8 46. Kh3 Kf7 47. Kg4 Bf8 48. Rh7+ Kg8 49. Rxb7 Rcb8 50. Rxb8 Rxb8 51. Nxe5 1-0

[Event "Titled Tuesday intern op 21st Dec"]
[Site "Chess.com INT"]
[Date "2021.12.21"]
[Round "7"]
[White "Zubov, Alexander"]
[Black "Katz, Alexander R"]
[Result "1-0"]
[WhiteElo "2598"]
[BlackElo "2401"]
[PlyCount "71"]
[EventDate "2021.12.21"]
[EventType "swiss (blitz)"]
[EventRounds "11"]
[EventCountry "USA"]
[SourceTitle "CBM 205 Extra"]
[Source "ChessBase"]
[SourceDate "2022.01.31"]
[SourceVersion "1"]
[SourceVersionDate "2022.01.31"]
[SourceQuality "1"]

1. d4 Nf6 2. c4 e6 3. Nc3 Bb4 4. e3 b6 5. Nge2 Ba6 6. a3 Bxc3+ 7. Nxc3 d5 8. b3 O-O 9. a4 Nc6 10. Ba3 Re8 11. Rc1 dxc4 12. bxc4 Na5 13. Nb5 Ne4 14. Bd3 Nd6 15. O-O Bb7 16. c5 Qg5 17. g3 Nf5 18. Nxc7 Nh4 19. e4 Red8 20. Nxa8 Rxd4 21. cxb6 f5 22. f4 Qd8 23. Rc7 Rxd3 24. Qa1 Rd4 25. Be7 Nf3+ 26. Rxf3 Rd1+ 27. Rf1 Rxf1+ 28. Qxf1 Qd4+ 29. Kg2 Qxe4+ 30. Kh3 g5 31. Bxg5 Bxa8 32. bxa7 Nc6 33. Rc8+ Kg7 34. Rxa8 Nd4 35. Rd8 Nf3 36. a8=Q 1-0

[Event "Titled Tuesday intern op 21st Dec"]
[Site "Chess.com INT"]
[Date "2021.12.21"]
[Round "8"]
[White "Avazkhonov, Alikhon"]
[Black "Stefanov, Plamen"]
[Result "1-0"]
[WhiteElo "1538"]
[BlackElo "2077"]
[PlyCount "121"]
[EventDate "2021.12.21"]
[EventType "swiss (blitz)"]
[EventRounds "11"]
[EventCountry "USA"]
[SourceTitle "CBM 205 Extra"]
[Source "ChessBase"]
[SourceDate "2022.01.31"]
[SourceVersion "1"]
[SourceVersionDate "2022.01.31"]
[SourceQuality "1"]

1. e4 d5 2. exd5 Nf6 3. d4 Nxd5 4. c4 Nb6 5. Nc3 e5 6. dxe5 Qxd1+ 7. Nxd1 Nc6 8. f4 Be6 9. b3 O-O-O 10. Ne3 Nd4 11. Nf3 Bb4+ 12. Kf2 Bc5 13. Nxd4 Bxd4 14. Rb1 Bf5 15. Rb2 Bxb2 16. Bxb2 Rd2+ 17. Kf3 Rxb2 18. Nxf5 g6 19. Nh6 Rxa2 20. Nxf7 Rf8 21. Ng5 h6 22. Nh7 Rf7 23. Nf6 Ra1 24. g3 Kd8 25. Bg2 Rxh1 26. Bxh1 c6 27. g4 Ke7 28. h4 Nd7 29. Nxd7 Kxd7 30. Ke4 Ke6 31. Bf3 Rd7 32. f5+ gxf5+ 33. gxf5+ Ke7 34. f6+ Kf8 35. e6 Rd6 36. Ke5 Rd3 37. Bh5 Re3+ 38. Kf5 a5 39. e7+ Rxe7 40. fxe7+ Kxe7 41. c5 Kd7 42. Kg6 Kc7 43. Kxh6 b6 44. cxb6+ Kxb6 45. Bf7 Kb5 46. Kg7 a4 47. bxa4+ Kxa4 48. h5 Kb4 49. h6 c5 50. h7 c4 51. h8=Q c3 52. Qb8+ Kc5 53. Qc7+ Kd4 54. Qd6+ Ke3 55. Qc5+ Kd2 56. Qd4+ Kc2 57. Bg6+ Kb2 58. Qb4+ Ka2 59. Bb1+ Ka1 60. Qb3 c2 61. Qa2# 1-0

[Event "Titled Tuesday intern op 21st Dec"]
[Site "Chess.com INT"]
[Date "2021.12.21"]
[Round "8"]
[White "Bryakin, Mikhail"]
[Black "Ovetchkin, Roman"]
[Result "1-0"]
[WhiteElo "2502"]
[BlackElo "2518"]
[PlyCount "87"]
[EventDate "2021.12.21"]
[EventType "swiss (blitz)"]
[EventRounds "11"]
[EventCountry "USA"]
[SourceTitle "CBM 205 Extra"]
[Source "ChessBase"]
[SourceDate "2022.01.31"]
[SourceVersion "1"]
[SourceVersionDate "2022.01.31"]
[SourceQuality "1"]

1. e4 c6 2. d4 d5 3. exd5 cxd5 4. Bd3 Nc6 5. c3 Nf6 6. Bf4 Bg4 7. Ne2 e6 8. O-O Bd6 9. f3 Bh5 10. Nd2 Bg6 11. Nb3 Bxd3 12. Qxd3 Bxf4 13. Nxf4 Qd6 14. Qd2 O-O 15. Rae1 e5 16. dxe5 Nxe5 17. Nd3 Nc4 18. Qf2 b6 19. Nd4 Rfe8 20. Nf5 Qd7 21. Nd4 Rxe1 22. Rxe1 Re8 23. b3 Nd6 24. Rxe8+ Qxe8 25. Qe1 Qxe1+ 26. Nxe1 Nfe8 27. Nd3 Nc7 28. a4 Kf8 29. Kf2 Ke8 30. Nc6 a6 31. Nf4 g6 32. Nb4 d4 33. cxd4 Nf5 34. Ne2 Kd7 35. g4 Ne7 36. Nc3 a5 37. Nd3 Ne6 38. Ke3 f6 39. d5 Ng5 40. h4 Nf7 41. Kd4 Nd6 42. Ne4 Nxe4 43. fxe4 Kd6 44. Nb2 1-0

[Event "Titled Tuesday intern op 21st Dec"]
[Site "Chess.com INT"]
[Date "2021.12.21"]
[Round "8"]
[White "Budrewicz, Krzysztof"]
[Black "Nastore, Pavel Alexandru"]
[Result "1-0"]
[WhiteElo "2183"]
[BlackElo "2329"]
[PlyCount "125"]
[EventDate "2021.12.21"]
[EventType "swiss (blitz)"]
[EventRounds "11"]
[EventCountry "USA"]
[SourceTitle "CBM 205 Extra"]
[Source "ChessBase"]
[SourceDate "2022.01.31"]
[SourceVersion "1"]
[SourceVersionDate "2022.01.31"]
[SourceQuality "1"]

1. d4 Nf6 2. c4 c5 3. d5 e6 4. Nc3 exd5 5. cxd5 d6 6. e4 g6 7. Nf3 a6 8. a4 Bg4 9. Be2 Bxf3 10. Bxf3 Bg7 11. O-O O-O 12. Bf4 Ne8 13. a5 Nd7 14. Re1 Ne5 15. Be2 Rc8 16. Qb3 Qc7 17. Bg3 c4 18. Qb4 Qc5 19. Qxc5 Rxc5 20. f3 Rc8 21. Ra4 Nd3 22. Bxd3 cxd3 23. Ra3 f5 24. Rd1 fxe4 25. fxe4 Bd4+ 26. Kh1 d2 27. h4 Bf2 28. Kh2 Be3 29. Ne2 Rc1 30. Ra1 Rxa1 31. Rxa1 Nf6 32. Bxd6 Nxe4 33. Bxf8 Kxf8 34. Rf1+ Ke7 35. Nc3 Bf4+ 36. Kh3 Nxc3 37. bxc3 Kd6 38. Kg4 Bh6 39. c4 Kc5 40. Kf3 Kxc4 41. d6 Bf8 42. d7 Be7 43. Rd1 Kc3 44. Ke2 Bxh4 45. Rxd2 Kb4 46. d8=Q Bxd8 47. Rxd8 Kxa5 48. Rd7 b5 49. Rxh7 Kb4 50. Rg7 a5 51. Rxg6 a4 52. Kd3 Kb3 53. Ra6 b4 54. g4 a3 55. g5 a2 56. g6 Kb2 57. Ra7 b3 58. g7 a1=Q 59. Rxa1 Kxa1 60. g8=Q b2 61. Qa8+ Kb1 62. Kc3 Kc1 63. Qh1# 1-0

[Event "Titled Tuesday intern op 21st Dec"]
[Site "Chess.com INT"]
[Date "2021.12.21"]
[Round "8"]
[White "Buksa, Nataliya"]
[Black "Starozhilov, Leonid"]
[Result "0-1"]
[WhiteElo "2401"]
[BlackElo "2293"]
[PlyCount "160"]
[EventDate "2021.12.21"]
[EventType "swiss (blitz)"]
[EventRounds "11"]
[EventCountry "USA"]
[SourceTitle "CBM 205 Extra"]
[Source "ChessBase"]
[SourceDate "2022.01.31"]
[SourceVersion "1"]
[SourceVersionDate "2022.01.31"]
[SourceQuality "1"]

1. e4 c5 2. Nf3 e6 3. d4 cxd4 4. Nxd4 a6 5. c4 Nf6 6. Nc3 Bb4 7. Qd3 O-O 8. Nc2 Bxc3+ 9. bxc3 d5 10. cxd5 exd5 11. exd5 Qxd5 12. Qxd5 Nxd5 13. Bc4 Be6 14. O-O Nc6 15. Re1 Rfe8 16. Bd2 Rad8 17. Bg5 f6 18. Bh4 Kf7 19. Nd4 Nxd4 20. cxd4 Nc3 21. Rxe6 Rxe6 22. Re1 Nd5 23. Rb1 b5 24. Bb3 Kf8 25. f3 Re2 26. Rc1 Re7 27. Bg3 Red7 28. h4 h5 29. Kh2 g6 30. Rc6 Kg7 31. Rxa6 Ne3 32. Bf2 Nf5 33. d5 Ne7 34. Rb6 Nxd5 35. Rxb5 Nf4 36. Be3 Nd3 37. Rb6 Ne5 38. Bf4 Rd6 39. Rb7+ R8d7 40. Rb8 Rd8 41. Rb7+ R6d7 42. Rb6 Nd3 43. Be3 Re7 44. Bd2 Nc5 45. Bc3 Rf8 46. Bd5 Rd7 47. Bc6 Rd6 48. Bb4 Rc8 49. Bxc5 Rdxc6 50. Rb7+ R8c7 51. Rxc7+ Rxc7 52. Bd6 Rc6 53. Bb4 Rc2 54. a3 Kf7 55. Kg3 Ke6 56. Bf8 Rc4 57. Bb4 Kf5 58. Be7 g5 59. hxg5 fxg5 60. Kh3 Rc3 61. Kg3 Rb3 62. Bd6 Rb6 63. Bc5 Rc6 64. Bb4 h4+ 65. Kh3 Rc1 66. Kh2 Rb1 67. Bd6 Rb3 68. Be7 Rb2 69. Bd6 Ra2 70. Kh3 Ra1 71. Kh2 g4 72. fxg4+ Kxg4 73. Bc5 Ra2 74. Kh1 h3 75. gxh3+ Kxh3 76. Kg1 Kg3 77. Kf1 Kf3 78. Ke1 Ke4 79. Kd1 Kd3 80. Bb4 Ra1# 0-1